Informe de Facultades. Período 1995

Збережено в:
Бібліографічні деталі
Співавтор: Universidad Católica de Valparaíso (Автор)
Формат: Книга
Мова:Іспанська
Опубліковано: Valparaíso Ediciones Universitarias de Valparaíso 1995
Редагування:1a. ed
Предмети:
Теги: Додати тег
Немає тегів, Будьте першим, хто поставить тег для цього запису!

MARC

LEADER 00000nam a2200000 a 4500
001 UCJ4944
003 CL-VaPUC
008 070124e19950511CL |||||||||||||||||spa|d
082 0 4 |a 378  |b UNI  |2 21 
110 2 |a Universidad Católica de Valparaíso  |e author  |9 509515 
245 1 0 |a Informe de Facultades. Período 1995 
250 |a 1a. ed 
300 |a 2 v 
651 0 |a Valparaíso, Chile  |9 261144 
942 |c BK 
945 |d 20070124 00:00:00  |a rinostro 
260 |a Valparaíso  |b Ediciones Universitarias de Valparaíso  |c 1995 
500 |a Volumen I, Facultades de Agronomía, Arquitectura y Urbanismo, Ciencias Básicas y Matemáticas, Ciencias Económicas y Administrativas y Ciencias Jurídicas y Sociales. Volumen II, Filosofía y Educación, Ingeniería, Recursos Naturales e Instituto de Ciencias Religiosas (Ad Instar Facultatis) 
650 0 |a Educación superior   |9 223851 
650 0 |a Archivo histórico PUCV  |9 255554 
650 0 |a Universidades chilenas  |9 407335 
583 |a last modification  |c 20070124 00:00:00  |k Rodrigo Vera 
999 |c 321059  |d 321057 
952 |0 0  |1 0  |4 0  |6 378_000000000000000_UNI_1995  |7 0  |8 X  |9 399718  |a FDOBUD  |b FDOBUD  |d 2019-11-22  |h v.1  |i 1028022  |o 378 UNI 1995  |p 1028022  |r 2019-11-22  |w 2019-11-22  |y BK_X  |k FHP 
952 |0 0  |1 0  |4 0  |6 378_000000000000000_UNI_1995  |7 0  |8 X  |9 399719  |a FDOBUD  |b FDOBUD  |d 2019-11-22  |h v.2  |i 1028030  |o 378 UNI 1995  |p 1028030  |r 2019-11-22  |w 2019-11-22  |y BK_X  |k FHP